01404nab a22002897a 4500003000400000005001700004008004100021040000700062100002200069245015200091260007300243300001500316500007500331505013600406505011700542505008900659650002700748650002800775650003200803650002700835650002500862650003000887650001500917650002700932650001900959773013600978OSt20260131211828.0190603e xxum|||| |||| 00| 0 spa d cPJ aJagou, Vanesa S. 10aPrevisibilidad contractual, responsabilidad del proveedor y "deber de colaboración" en un caso sobre incumplimiento contractual /cVanesa Jagou.  cCiudad Autónoma de Buenos Aires :aThomson Reuters La Ley, b2025. ap. 315-330 aCita: TR LALEY AR/DOC/2859/2025 Publicado en: RCCyC 2025 (Diciembre). aSumario: I. Introducción.— II. Resumen del caso en comentario.— III. Análisis del caso en comentario.— IV. Conclusiones.  aFallo comentado: CNCom., sala C ~ 16/07/2025 ~ Luetich, Favio Claudio c. Autos del Sur SA y otros s/ ordinario. t¿Te interesa el texto completo? Solicitalo al correo: koha@justierradelfuego.gov.ar 0aDEFENSA DEL CONSUMIDOR 0aDERECHOS DEL CONSUMIDOR 0aRESPONSABILIDAD CONTRACTUAL 0aDEBER DE INFORMACIÓN 0aDAÑOS Y PERJUICIOS 0aRESPONSABILIDAD SOLIDARIA 0aCONTRATOS  0aRESCISION DEL CONTRATO 0aPREVISIBILIDAD0 02713dCiudad Autónoma de Buenos Aires : Thomson Reuters La Ley, 2015-tRevista Código Civil y Comercial. Nº 6 - Diciembre 2025